|
|
|
|
| LEADER |
01426nam a2200349 a 4500 |
| 001 |
36939 |
| 003 |
BD-DhAAL |
| 005 |
20211207131750.0 |
| 008 |
200120t1989 ilua b 001 0 eng d |
| 999 |
|
|
|c 41985
|d 41985
|
| 010 |
|
|
|a 88018625
|
| 020 |
|
|
|a 0673383237 :
|c $26.00 (est.)
|
| 020 |
|
|
|a 9780673383235
|
| 040 |
|
|
|a DLC
|c DLC
|d DLC
|d BD-DhAAL
|
| 050 |
0 |
0 |
|a HT321
|b .M53 1989
|
| 082 |
0 |
0 |
|a 330.91732
|2 20
|
| 100 |
1 |
|
|a Mills, Edwin S.
|9 39076
|
| 245 |
1 |
0 |
|a Urban economics /
|c Edwin S. Mills, Bruce W. Hamilton.
|
| 250 |
|
|
|a Fourth edition
|
| 260 |
|
|
|a Glenview, Ill. :
|b Scott, Foresman,
|c c1989.
|
| 300 |
|
|
|a xiii, 461 pages :
|b illustrations ;
|c 24 cm.
|
| 500 |
|
|
|a Some ill. on lining papers.
|
| 504 |
|
|
|a Includes bibliographies and index.
|
| 526 |
|
|
|a ESS
|
| 541 |
|
|
|a Development Book Agency
|e 36939, 36940
|
| 650 |
|
0 |
|a Urban economics.
|9 39077
|
| 650 |
|
0 |
|a Economics.
|9 43545
|
| 700 |
1 |
|
|a Hamilton, Bruce W.,
|d 1946-
|9 39078
|
| 852 |
|
|
|a Ayesha Abed Library
|c General Stacks
|
| 942 |
|
|
|2 ddc
|c BK
|
| 952 |
|
|
|0 0
|1 0
|2 ddc
|4 0
|6 330_917320000000000_MIL
|7 0
|9 67741
|a BRACUL
|b BRACUL
|c GEN
|d 2020-01-20
|e Development Book Agency
|g 1800.00
|l 1
|m 2
|o 330.91732 MIL
|p 3010036940
|r 2021-02-09
|s 2020-01-21
|t 2
|v 1800.00
|w 2020-01-20
|y BK
|
| 952 |
|
|
|0 0
|1 0
|2 ddc
|4 0
|6 330_917320000000000_MIL
|7 0
|9 67742
|a BRACUL
|b BRACUL
|c GEN
|d 2020-01-20
|e Development Book Agency
|g 1800.00
|l 0
|o 330.91732 MIL
|p 3010036939
|r 2020-01-20
|t 1
|v 1800.00
|w 2020-01-20
|y BK
|